000 00411nam a2200181Ia 4500
001 1250
005 20260306140618.0
008 260306t2005||||xx |||||||||||||| ||spa||
041 _aESP
082 _a190
_bB24
100 _aBarylko, Jaime, 1936-2002
_eAUT
245 0 _aLa filosofía
260 _c2005
300 _a312 páginas :
_c23 cm.
650 _aGEN
654 _aCHU
942 _cLIB
_dJUS
_fJUS
_2ddc
_n
999 _c1250
_d1250